000 00678nam a2200229Ia 4500
003 OSt
005 20221005125347.0
006 a|||||r|||| 00| 0
007 ta
008 221004b |||||||| |||| 00| 0 ben d
020 _c495
024 _a655
037 _b1033, 19/03/2009, Subha Book Centre
_cTextual
040 _aCRL
_cCRL
_bben
041 _2ben
_aben
082 _aDelta2y7M63, 157P3.1-.4
100 _aBurk Meery Luiz
_9636569
245 0 _aPaschatya vivekanand natun tathyabali
260 _c2003
942 _hDelta2y7M63, 157P3.1-.4
_cTEXL
_2cc
999 _c1053792
_d1053792